Conjugación de Ser - Estadísticas

Estadísticas generales
  • Esta prueba ha sido intentada 423 veces
  • La puntuación promedio es 34 de 42
Estadísticas de respuestas
Tenso Sujeto Conjugación % Correcto
Presente de Indicativo Él Es
100%
Presente de Indicativo Nosotros Somos
100%
Presente de Indicativo Yo Soy
100%
Presente de Indicativo Eres
99%
Presente de Indicativo Ellos Son
97%
Presente de Indicativo Vosotros Sois
95%
Futuro Él Será
93%
Futuro Ellos Serán
91%
Futuro Serás
91%
Futuro Yo Seré
91%
Pretérito Él Fue
90%
Futuro Nosotros Seremos
90%
Pretérito Yo Fui
89%
Pretérito Nosotros Fuimos
89%
Pretérito Fuiste
89%
Futuro Vosotros Seréis
89%
Pretérito Ellos Fueron
88%
Pretérito Vosotros Fuisteis
86%
Condicional Yo Sería
82%
Condicional Él Sería
82%
Condicional Nosotros Seríamos
81%
Condicional Ellos Serían
81%
Condicional Serías
81%
Condicional Vosotros Seríais
79%
Pretérito Imperfecto Yo Era
78%
Pretérito Imperfecto Él Era
78%
Pretérito Imperfecto Nosotros Éramos
77%
Pretérito Imperfecto Ellos Eran
77%
Pretérito Imperfecto Eras
77%
Pretérito Imperfecto Vosotros Erais
76%
Imperfecto de Subjuntivo Yo Fuera
66%
Imperfecto de Subjuntivo Él Fuera
66%
Imperfecto de Subjuntivo Nosotros Fuéramos
62%
Imperfecto de Subjuntivo Ellos Fueran
62%
Imperfecto de Subjuntivo Fueras
62%
Imperfecto de Subjuntivo Vosotros Fuerais
61%
Presente de Subjuntivo Yo Sea
61%
Presente de Subjuntivo Él Sea
61%
Presente de Subjuntivo Vosotros Seáis
61%
Presente de Subjuntivo Nosotros Seamos
61%
Presente de Subjuntivo Ellos Sean
61%
Presente de Subjuntivo Seas
60%
No se encontraron pruebas coincidentes
Distribución de puntuación
Porcentaje de gente con cada puntuación
Porcentaje por número respondido
Historial de tus puntuaciones
No has intentado esta prueba.